000 00273nam a2200109Ia 4500
008 200302s9999 xx 000 0 und d
100 _aTim Waterman
245 _aThe Fundamentals of Landscape Architecture
260 _bAVA Publishing SA
260 _c2009
300 _a200 P.,
999 _c2659
_d2659